| 000 | 00819nam a2200241 i 4500 | ||
|---|---|---|---|
| 001 | bg | ||
| 100 | 1 | _aPOLOWCZYK, Michał | |
| 245 | 1 | 0 |
_aPrzyrządy półprzewodnikowe / _cMichał Polowczyk, Eugeniusz Klugmann ; Politechnika Gdańska. |
| 260 |
_aGdańsk : _bWydaw. PG, _c1996. |
||
| 300 |
_a316 s. : _brys., wykr. ; _c24 cm. |
||
| 504 | _aBibliogr. s. 315-316. | ||
| 521 | _aSkrypt jest przeznaczony dla studentów kierunku Elektronika i Telekomunikacja na Wydz. Elektroniki, Telekomunikacji i Informatyki. | ||
| 650 | 9 |
_aPółprzewodniki _xurządzenia |
|
| 655 | _aPodręczniki akademickie | ||
| 700 | 1 | _aKLUGMANN, Eugeniusz | |
| 020 | _a8386537507 | ||
| 040 | _cBPK | ||
| 041 | 0 | _apol | |
| 080 | _a621.382(075.8) | ||
| 920 | _a83-86537-50-7 | ||
| 942 | _cKS | ||
| 008 | s pl f |000 0 pol | ||
| 999 |
_c31545 _d31545 |
||
| 856 |
_uhttp://koha.tu.koszalin.pl/cgi-bin/koha/opac-detail.pl?biblionumber=31545 _yKatalog online BPK |
||